000
00268nam a2200109Ia 4500
008
220204s9999 xx 000 0 und d
082
_a
82-3MB
_b
HUN
100
_a
Hunter, Elizabeth
245
4
_a
The Sycamore song
260
_a
London
_b
Mills and Boon
_c
1975
942
_c
BK
999
_c
33163
_d
33163